000
00326 a2200109 4500
001
ART_61204
005
20260410162010.0
008
260409a
245
1
0
_a
Daños en el derecho de familia
100
1
_a
Montalto, Ana M.
773
0
_t
Temas de derecho civil
_g
- Año 10, N° 8/9 (ago./sep. 2024)
_w
REV34778
999
_c
32144
_d
32144